Calculus for the life sciences / (Record no. 566)
[ view plain ]
| 000 -LEADER | |
|---|---|
| fixed length control field | 05985cam a22004454i 4500 |
| 003 - CONTROL NUMBER IDENTIFIER | |
| control field | OSt |
| 005 - DATE AND TIME OF LATEST TRANSACTION | |
| control field | 20210615112322.0 |
| 008 - FIXED-LENGTH DATA ELEMENTS--GENERAL INFORMATION | |
| fixed length control field | 130904s2015 maua 000 0 eng |
| 020 ## - INTERNATIONAL STANDARD BOOK NUMBER | |
| International Standard Book Number | 0536749787 |
| 020 ## - INTERNATIONAL STANDARD BOOK NUMBER | |
| International Standard Book Number | 9780536749789 |
| 040 ## - CATALOGING SOURCE | |
| Transcribing agency | DLC |
| 042 ## - AUTHENTICATION CODE | |
| Authentication code | pcc |
| 049 ## - LOCAL HOLDINGS (OCLC) | |
| Holding library | JHEE |
| 050 00 - LIBRARY OF CONGRESS CALL NUMBER | |
| Classification number | QA303.2 |
| Item number | .G74 2003 |
| 100 1# - MAIN ENTRY--PERSONAL NAME | |
| Personal name | Greenwell, Raymond N., |
| 245 10 - TITLE STATEMENT | |
| Title | Calculus for the life sciences / |
| Statement of responsibility, etc. | Raymond N. Greenwell, Hofstra University, Nathan P. Ritchey, Edinboro University of PA, Margaret L. Lial, American River College. |
| 250 ## - EDITION STATEMENT | |
| Edition statement | Second edition. |
| 264 #1 - PRODUCTION, PUBLICATION, DISTRIBUTION, MANUFACTURE, AND COPYRIGHT NOTICE | |
| Place of production, publication, distribution, manufacture | Boston : |
| Name of producer, publisher, distributor, manufacturer | Pearson Addison Wesley, |
| Date of production, publication, distribution, manufacture, or copyright notice | [2015] |
| 300 ## - PHYSICAL DESCRIPTION | |
| Extent | xvii, 770 pages : |
| Other physical details | colored illustrations ; |
| Dimensions | 29 cm. |
| 336 ## - CONTENT TYPE | |
| Content type term | text |
| Source | rdacontent |
| 337 ## - MEDIA TYPE | |
| Media type term | unmediated |
| Source | rdamedia |
| 338 ## - CARRIER TYPE | |
| Carrier type term | volume |
| Source | rdacarrier |
| 504 ## - BIBLIOGRAPHY, ETC. NOTE | |
| Bibliography, etc. note | Includes bibliographical references. |
| 650 #0 - SUBJECT ADDED ENTRY--TOPICAL TERM | |
| Topical term or geographic name entry element | Calculus |
| Form subdivision | Textbooks. |
| 650 #0 - SUBJECT ADDED ENTRY--TOPICAL TERM | |
| Topical term or geographic name entry element | Life sciences |
| General subdivision | Mathematics |
| Form subdivision | Textbooks. |
| 655 #7 - INDEX TERM--GENRE/FORM | |
| Authority record control number or standard number | (OCoLC)fst01423863 |
| 700 1# - ADDED ENTRY--PERSONAL NAME | |
| Personal name | Ritchey, Nathan P., |
| Relator term | author. |
| 700 1# - ADDED ENTRY--PERSONAL NAME | |
| Personal name | Lial, Margaret L., |
| Relator term | author. |
| 910 ## - USER-OPTION DATA (OCLC) | |
| User-option data | 5541782 |
| 942 ## - ADDED ENTRY ELEMENTS (KOHA) | |
| Source of classification or shelving scheme | |
| Koha item type | Book |
| Suppress in OPAC | IO |
| 946 ## - LOCAL PROCESSING INFORMATION (OCLC) | |
| a | YBP selection record |
| 946 ## - LOCAL PROCESSING INFORMATION (OCLC) | |
| a | WCP record |
| Withdrawn status | Lost status | Source of classification or shelving scheme | Damaged status | Not for loan | Permanent Location | Current Location | Shelving location | Date acquired | Source of acquisition | Total Checkouts | Total Renewals | Full call number | Barcode | Date last seen | Date last checked out | Price effective from | Koha item type | Public note |
|---|---|---|---|---|---|---|---|---|---|---|---|---|---|---|---|---|---|---|
| AU LIBRARY | AU LIBRARY | Open Shelf | 15.06.2021 | Donation | 7 | 1 | QA303.2 .G74 2003 | 28002809 | 18.12.2023 | 29.11.2023 | 15.06.2021 | Book | IO |